00577 a2200181 4500003000400000005001700004008004100021020001500062040000900077082001900086100002000105245003200125260003900157300000900196942004400205952012900249999001700378OSt20231223154401.0231223b |||||||| |||| 00| 0 eng d a818143692X coclc a891.433bPRE/M aPremchand95683 aMAANSAROVAR -1 /cPremchand aNew Delhi:bVani Prakashan,c2007. a280p 2ddccBKh891.433iPRE/Mk891.433mPRE/M 00102ddc40708FICaMESbMEScHINd2023-12-23l0o891.433 PRE/Mp43200r2023-12-23 15:44:38v200.00w2023-12-23yBKzGR7R2 c43566d43566